Diseño institucional y participación política: experiencias en el Brasil contemporáneo /

Gespeichert in:
Bibliographische Detailangaben
1. Verfasser: Wanderley Lubando, Catia
Weitere Verfasser: Bandera Coêlho André Melo, Marcus Vargas Cortes, Soraya M. Wampler, Brian Burity, Joanildo A. Souza, Celina Araújo Fernandes, Antônio Sérgio Souza Bonfim, Washington Luís de Neaera Abers, Rebeca Schneider, Aaron Goldfra
Format: Text
Veröffentlicht: Buenos Aires: CLACSO
Schlagworte:
Tags: Tag hinzufügen
Keine Tags, Fügen Sie den ersten Tag hinzu!

MARC

LEADER 00000 a a2200000 04500
001 33901
003
040 |a CRAI/IIS  |c CRAI/IIS 
020 |a 978-987-1183-36-4  
090 |a 0003 W244d  
100 |a Wanderley Lubando, Catia  
245 |a Diseño institucional y participación política: experiencias en el Brasil contemporáneo /  |c Catia Wanderley Lubando 
260 |a Buenos Aires:   |b CLACSO  
300 |a 342 p.  
650 |a GOBIERNO LOCAL  
650 |a DESARROLLO POLITICO  
650 |a FINANZAS LOCALES  
650 |a PRESUPUESTO  
650 |a IMPUESTOS  
650 |a BRASIL  
700 |a Bandera Coêlho   |a André Melo, Marcus   |a Vargas Cortes, Soraya M.   |a Wampler, Brian   |a Burity, Joanildo A.   |a Souza, Celina   |a Araújo Fernandes, Antônio Sérgio   |a Souza Bonfim, Washington Luís de   |a Neaera Abers, Rebeca   |a Schneider, Aaron   |a Goldfra  
999 |c 7104  |d 7104